000 00526nam a2200217Ia 4500
003 OSt
005 20220928141722.0
006 a|||||r|||| 00| 0
007 ta
008 220927b |||||||| |||| 00| 0 eng d
024 _a17084
037 _cAnnuals, Advances
040 _aSDCL
_cSDCL
_beng
041 _2eng
_aeng
082 _aP15:3, M5
100 _aSarandeva
_9501779
245 0 _aDurghatavrtti.
260 _c1985
942 _hP15:3, M5
_cREF
_2CC
999 _c819408
_d819408